Multifunctionality : The Policy Implications /

Guardado en:
Detalles Bibliográficos
Autor corporativo: OCDE
Otros autores: Shobayashi, Mikitaro (autor) (autor)
Formato: Libro
Idioma:Inglés
Publicado: París, Francia : OCDE, 2003, c2003
Temas:
Etiquetas: Agrega una etiqueta
Sin etiquetas, Sé el primero en etiquetar este registro!

MARC

LEADER 00000nam^a2200000^a^4500
001 000160353
005 20250521000000.0
009 20260310100720.383
020 |a 92-64-10451-8 
037 |a Acervo ITESO - Biblioteca 
041 |a ING 
082 |a 338. 18  |b OCDE 
110 |a OCDE 
245 1 0 |a Multifunctionality :  |b The Policy Implications /  |c OCDE, M. Shobayashi. 
264 4 |a París, Francia :  |b OCDE,  |c 2003, c2003 
300 |a 106 p. 
336 |a texto  |b txt  |2 rdacontenido 
337 |a sin mediación  |b n  |2 rdamedio 
338 |a volumen  |b nc  |2 rdasoporte 
649 |a XX 
650 |a Agricultura -  |x Aspectos Económicos 
650 |a Comercio Internacional 
650 |a Desarrollo Sustentable 
650 |a Política Ambiental 
650 |a Política Agraria 
650 |a Desarrollo Económico-Social 
650 |a Economía de la Tierra 
700 |a Shobayashi, Mikitaro  |e (autor) 
910 |a Fondo General 
920 |a Impresos - Libros 
930 |a Colección General 
905 |a 101 
901 |a 0500093088  |b IT1  |c ACC  |u 20250521 
902 |a https://opac.biblio.iteso.mx/vufind/Record/000160353